| 000 | 00000nam##2200000za#4500 |
| 001 | 9.615627 |
| 003 | CaOODSP |
| 005 | 20210615101218 |
| 007 | ta |
| 008 | 150406|2001||||xxc||||| f|0| 0 eng|d |
| 020 | |a0-662-30733-X |
| 040 | |aCaOODSP|beng |
| 043 | |an-cn--- |
| 086 | 1 |aNH18-24/8E |
| 110 | 2 |aCanada Mortgage and Housing Corporation. |
| 245 | 10|aFighting mold |
| 260 | |aOttawa - Ontario : |bCanada Mortgage and Housing Corporation |c2001. |
| 300 | |a4p. ; |c28 cm. |
| 490 | 1 |aAbout your house |vCE8 |
| 563 | |aPamphlet |
| 590 | |a01-23|b2001-06-08 |
| 690 | 07|aHome renovations|2gcpds |
| 690 | 07|aAir quality|2gcpds |
| 775 | 08|tComment enrayer la moisissure |w(CaOODSP)9.625678 |
| 776 | 0#|tFighting mold |w(CaOODSP)9.571825 |
| 830 | #0|aAbout your house ;|vCE8|w(CaOODSP)9.514828 |